|
|
|
|
| LEADER |
00658nam#a2200217#a#4500 |
| 001 |
007095 |
| 005 |
20160721144214.0 |
| 008 |
010607s1999####xxu#################eng#d |
| 020 |
|
|
|a 0132290634
|
| 040 |
|
|
|a AR-beUNQ
|
| 099 |
|
|
|a 21-M10
|
| 100 |
1 |
|
|a McHale, Jeanne L.
|
| 245 |
0 |
2 |
|a Molecular spectroscopy
|c Jeanne L. McHale.
|
| 260 |
|
|
|a New Jersey :
|b Prentice Hall,
|c 1999
|
| 300 |
|
|
|a 463 p. :
|b gráficos, formas, tablas
|
| 650 |
|
7 |
|a ESPECTROSCOPIA MOLECULAR
|2 Spines
|
| 650 |
|
7 |
|a MOLECULAS
|2 Spines
|
| 650 |
|
7 |
|a ESPECTROSCOPIA
|2 Spines
|
| 929 |
|
|
|a COMPRA
|b Cúspide
|c Exp. 827-0113/00
|d 91,00
|e 20010607
|f patrimonio
|j 29150
|
| 942 |
|
|
|c LIB
|n 0
|
| 999 |
|
|
|c 9741
|d 85128
|